01561nam a2200313Ia 450000500170000000800410001702000150005808200190007310000250009224501660011725000190028330000420030250000270034465000350037165000410040665000420044770000340048994200120052326400450053533600270058033700330060733800280064004000350066899900150070395201310071895201340084995201300098395201340111320220317000552.0160601s1999 ck a g 000 0 spa  a958908951804a639.392 bO77g1 aOssa V., Jaime de la10aGuía para el manejo, cría y conservación de la hicotea o jicotea (Trachemys scripta callirostris) cJaime L. de la Ossa Velázquez y Ricardo Riaño Silva a1a. edición  a40 páginas bilustraciones c20 cm  aIncluye bibliografía142LEMBaTortugas xEnfermedades 142LEMBaTortugasxCría y desarrollo 142LEMBaTortugasyHábitos y conducta 1 aRiaño Silva, Ricardo948561 2ddccBK aBogotá bConvenio Andrés Belloc1999 atextobtxt2rdacontent asin mediaciónbn2rdamedia avolumenbnc2rdacarrier aCO-BoRNBPbspaerdacCO-BoRNBP c4422d4422 00102ddc40708GENaMEPRICObMEPRICOcGENd2023-01-31l0o339.392O77gpPR00000464r2023-01-31 00:00:00tEj.1w2023-01-31yBK 00102ddc40708GENaMEMAPIRIbMEMAPIRIcGENd2024-01-04l0o639.392 G77gpMAP0000765r2024-01-04 19:53:34tEj.1w2024-01-04yBK 00102ddc40708GENaMEURIBEbMEURIBEcGENd2024-08-09l0o639.392 O77gpURI00802r2024-08-09 10:15:02tEj.1w2024-08-09yBK 00102lcc40708GENaMEPCONCObMEPCONCOcGENd2026-02-18l0o639.392 O77gpPCON02121r2026-02-18 19:17:00tEj.1w2026-02-18yBK